000 00332 a2200157 4500
001 192164
020 _a978-85-260-2169-3
040 _cMagnum
100 _aBandeira, Manuel
240 1 0 _aMafuá do malungo
_lpor
245 1 0 _aMafuá do malungo
300 _a260
362 0 _a2015
697 _aLITERATURA GERAL
942 _cBK
999 _c192164
_d192164